Statystyki dla Geografia quiz #84 - Państwa na literę T

Kliknij tutaj aby rozwiązać quiz!

Ogólne statystyki

  • Ten quiz został rozwiązany 41 razy
  • Średni wynik to 9 z 11

Statystyki odpowiedzi

PaństwoKontynentPowierzchniaLiczba ludności% Poprawnych
TurcjaAzja, Europa783 562 km²77 804 122
100%
TurkmenistanAzja488 100 km²5 180 000
97%
TadżykistanAzja143 100 km²7 100 000
92%
TajlandiaAzja514 000 km²65 493 000
87%
TanzaniaAfryka945 087 km²39 384 223
87%
TogoAfryka56 785 km²5 400 000
82%
TuvaluAustralia i Oceania26 km²12 373
79%
TunezjaAfryka163 610 km²10 384 000
77%
Trynidad i TobagoAmeryka Południowa5 128 km²1 229 000
74%
TongaAustralia i Oceania748 km²119 009
72%
Timor WschodniAzja15 007 km²1 109 000
67%

Rozkład punktacji

Percentyl według liczby udzielonych odpowiedzi

Procent ludzi z każdym wynikiem

Twoja historia wyników

Nie rozwiązałeś tego quizu